| 000 | 00974cam a22002054a 4500 | ||
|---|---|---|---|
| 005 | 20250605164118.0 | ||
| 008 | 250528s ||||||||||||||||||||||||d | ||
| 035 | _a18172 | ||
| 020 | _a882361112 | ||
| 040 |
_aGR-AtMCL _bgre _dGR-AtMCL _eAACR2 |
||
| 245 | 1 | _aIntroduction to Computer Programming / Structured COBOL | |
| 250 | _a8th | ||
| 260 |
_bAnaheim Publishing Company, _c1982 |
||
| 520 | _aAn introductory programming textbook for students of business and social sciences. Introduction to Structured Programming, Introduction to Structured Design, Introduction to Computer Programming Input/ Output Operations, Addition and Subtraction and Report Editing, Multiply; Divide; Compute, Comparing; Final Totals, Nested If Statements, Control Breaks, Multiple Level Control Breaks, Table Processing, Additional COBOL Statements, Index. | ||
| 700 | 1 |
_aCashman J. Thomas _94455 |
|
| 700 | 1 |
_aShelly B. Gary _94456 |
|
| 942 | _cBK | ||
| 999 |
_c3552 _d3552 |
||